000 00388nam a2200169Ia 4500
001 8773
003 IN-NITTTR
005 20251114233041.0
008 251113s9999||||xx |||||||||||||| ||eng||
040 _beng
040 _cIN-NITTTR
041 _aeng
082 _a658.3 B678A
100 _aBowey, Angela
245 2 _aA guide to manpower planning. /
_cBowey, Angela
942 _2ddc
_cBK
999 _c11410
_d11410